Odd Book Out Quiz Stats

Quiz not verified by Sporcle

Challenge
Share
Tweet
Embed
Score 0/24 Timer 10:00
0 Plays Today
Question Answer Wrong Answers
Which novel is not by Charles Dickens? Wuthering Heights
93.3%
A Tale of Two Cities
1%
Great Expectations
0%
Bleak House
3.8%
Which novel is not by Roald Dahl? The Little Prince
93.3%
Fantastic Mr. Fox
2.9%
Charlie and the Chocolate Factory
1.9%
Matilda
0%
Which novel is not by J.R.R. Tolkien? The Silver Chair
93.3%
The Silmarillion
3.8%
The Fellowship of the Ring
0%
The Hobbit
0%
Which novel is not by F. Scott Fitzgerald? The Catcher in the Rye
90.5%
This Side of Paradise
1.9%
The Great Gatsby
1%
Tender Is the Night
2.9%
Which novel is not by Jane Austen? Middlemarch
89.5%
Emma
4.8%
Pride and Prejudice
1.9%
Sense and Sensibility
1%
Which novel is not by John Steinbeck? Tropic of Cancer
89.5%
The Grapes of Wrath
0%
Of Mice and Men
1.9%
East of Eden
5.7%
Which novel is not by H.G. Wells? Dr. Jekyll & Mr. Hyde
87.6%
The Invisible Man
4.8%
The War of the Worlds
4.8%
The Time Machine
0%
Which novel is not by Agatha Christie? Something Wicked This Way Comes
86.7%
Murder on the Orient Express
0%
And Then There Were None
7.6%
Death on the Nile
3.8%
Which novel is not by Jules Verne? A Princess of Mars
83.8%
Twenty Thousand Leagues Under the Sea
2.9%
From the Earth to the Moon
9.5%
Journey to the Center of the Earth
1%
Which novel is not by Ernest Hemingway? As I Lay Dying
81.9%
A Farewell to Arms
1.9%
The Sun Also Rises
8.6%
For Whom the Bell Tolls
3.8%
Which novel is not by Cormac McCarthy? The Silence of the Lambs
81%
No Country for Old Men
4.8%
Blood Meridian
5.7%
The Road
4.8%
Which novel is not by Ian Fleming? The Bourne Identity
80%
Goldfinger
0%
Chitty-Chitty-Bang-Bang
17.1%
Diamonds Are Forever
0%
Which novel is not by Kurt Vonnegut? Fahrenheit 451
78.1%
Slaughterhouse-Five
0%
Cat's Cradle
5.7%
Breakfast of Champions
14.3%
Which novel is not by George Orwell? Brave New World
77.1%
1984
1%
Animal Farm
1%
Coming Up for Air
19%
Which novel is not by Virginia Woolf? The Bell Jar
75.2%
A Room of One's Own
8.6%
To the Lighthouse
6.7%
Mrs. Dalloway
5.7%
Which novel is not by Dan Brown? Capricorn One
73.3%
The Da Vinci Code
0%
Digital Fortress
12.4%
Inferno
10.5%
Which novel is not by Michael Crichton? White Noise
73.3%
Congo
12.4%
Jurassic Park
2.9%
The Andromeda Strain
7.6%
Which novel is not by James Joyce? Pygmalion
73.3%
Ulysses
3.8%
A Portrait of the Artist as a Young Man
12.4%
Finnegan's Wake
7.6%
Which novel is not by Arthur Conan Doyle? The Thirty-Nine Steps
62.9%
A Study in Scarlet
1.9%
The Lost World
31.4%
The Sign of the Four
3.8%
Which novel is not by Toni Morrison? Their Eyes Were Watching God
61.9%
Beloved
1.9%
Sula
21.9%
Song of Solomon
11.4%
Which novel is not by Tom Clancy? Six Days of the Condor
58.1%
The Hunt for Red October
2.9%
Rainbow Six
21.9%
The Sum of All Fears
13.3%
Which novel is not by D.H. Lawrence? A Room with a View
55.2%
Lady Chatterley's Lover
13.3%
Sons and Lovers
10.5%
The Plumed Serpent
18.1%
Which novel is not by John Updike? The Bonfire of the Vanities
54.3%
Rabbit, Run
8.6%
The Witches of Eastwick
13.3%
Roger's Version
20%
Which novel is not by Margaret Atwood? The Poisonwood Bible
52.4%
The Handmaid's Tale
4.8%
Cat's Eye
23.8%
The Blind Assassin
16.2%

You're not logged in!

Compare scores with friends on all Sporcle quizzes.
Sign Up with Email
OR
Log In

You Might Also Like...

Show Comments

Extras

Top Quizzes Today


Score Distribution

Your Account Isn't Verified!

In order to create a playlist on Sporcle, you need to verify the email address you used during registration. Go to your Sporcle Settings to finish the process.

Report this User

Report this user for behavior that violates our Community Guidelines.

Details: